000
00292nam a22001217a 4500
008
160523b xxu||||| |||| 00| 0 eng d
020
_a
0838505570
020
_a
08912033
041
_a
eng
080
_a
615
245
_a
Basic and clinical pharmacology:
_c
Bertram G. Katzung;
942
_2
udc
_c
BK
999
_c
2400
_d
2400